| 000 | 004530000a22001330004500 | ||
|---|---|---|---|
| 090 |
_aAS _bSeriadas |
||
| 245 | 1 | 0 | _aRespiración de embriones de caimán Crocodilus fuscus (Cope, 1868) Crocodylia: Alligatoridae |
| 041 | 0 | _aEspañol | |
| 700 | 1 |
_aStoneroock, Michael _9100328 |
|
| 700 | 1 |
_aUlloa D., Giovanni _9100329 |
|
| 100 | 1 |
_aRodríguez M., Miguel A. _94319 |
|
| 942 | _cARTICULO | ||
| 773 | 1 |
_tTrianea _kActa Científica y Tecnológica _h5 _q123-131 _d1994 |
|
| 999 |
_c16134 _d16134 |
||